Financial Management for Decision Making

Gespeichert in:
Bibliographische Detailangaben
1. Verfasser: Bierman, Harold
Weitere Verfasser: Smidt, Seymour
Format: Buch
Sprache:Englisch
Veröffentlicht: New York MacMillan Publ. Co. 1986
Ausgabe:1. ed.
Schlagworte:
Tags: Tag hinzufügen
Keine Tags, Fügen Sie das erste Tag hinzu!

MARC

LEADER 00000nam a2200000 4500
001 c004805
005 20221220073741.1
020 |a 0-02-310030-3 
041 0 |a eng 
044 |a US 
245 1 0 |a Financial Management for Decision Making  |c Harold Bierman, Seymour Smidt 
250 |a 1. ed. 
264 1 |a New York  |b MacMillan Publ. Co.  |c 1986 
300 |a 842 s. 
610 2 0 |a manažment finančný 
610 2 0 |a rozhodovanie 
610 2 0 |a korporácie 
610 2 0 |a kapitál 
610 2 0 |a analýza finančná 
610 2 0 |a plánovanie finančné 
100 1 |a Bierman, Harold 
700 1 |a Smidt, Seymour